Planificación y economía de la salud en las autonomías / (Record no. 84821)

MARC details
000 -LEADER
campo de control de longitud fija 00727nam a2200193 i 4500
001 - NÚMERO DE CONTROL
campo de control 84821
003 - IDENTIFICADOR DE NÚMERO DE CONTROL
campo de control ES-MaACL
007 - CAMPO FIJO DE DESCRIPCIÓN FÍSICA--INFORMACIÓN GENERAL
campo de control de longitud fija t|
008 - DATOS DE LONGITUD FIJA--INFORMACIÓN GENERAL
campo de control de longitud fija 041124s1986 sp ||||1| spa d
020 ## - NÚMERO INTERNACIONAL ESTÁNDAR DEL LIBRO
Número Internacional Estándar del Libro 84-505-4055-0
111 2# - ENTRADA PRINCIPAL--NOMBRE DE CONGRESO/REUNIÓN
Nombre de congreso/reunión o jurisdicción como elemento de entrada Jornadas de Economía de la Salud (
Número del congreso/reunión o número de parte o sección 3ª.
Fecha del congreso o de la firma del tratado 1983.
Sede del congreso/Lugar de la reunión Madrid)
9 (RLIN) 789
245 10 - MENCIÓN DEL TÍTULO
Título Planificación y economía de la salud en las autonomías /
Mención de responsabilidad, etc. [Terceras Jornadas de Economía de la Salud].
260 ## - PUBLICACIÓN, DISTRIBUCIÓN, ETC.
Lugar de publicación, distribución, etc. [Madrid :
Nombre del editor, distribuidor, etc. Comunidad de Madrid, Consejería de Salud y Bienestar Social, Instituto Regional de Estudios,
Fecha de publicación, distribución, etc. 1986]
300 ## - DESCRIPCIÓN FÍSICA
Extensión 515 p. ;
Dimensiones 21 cm.
490 1# - MENCIÓN DE SERIE
Mención de serie Otras publicaciones ;
Designación de volumen o secuencia 2
830 0# - PUNTO DE ACCESO ADICIONAL DE SERIE-TÍTULO UNIFORME
Título uniforme Otras publicaciones ;
Designación de volumen o secuencia 2
9 (RLIN) 189990
852 ## - LOCALIZACIÓN
Ubicación ES-MaACL
Número de control de estantería G-10213
Sublocalización o colección R.114842
Holdings
Estatus retirado Estado de pérdida Estado de daño No para préstamo Biblioteca de origen Biblioteca actual Ubicación en estantería Fecha de adquisición Fuente de adquisición Total de préstamos Signatura topográfica completa Código de barras Visto por última vez Precio de reemplazo Tipo de ítem Koha
        Biblioteca del Ateneo de Madrid Biblioteca del Ateneo de Madrid Sala Pecera Planta 3 17/01/2008     G-10213 1088643 23/02/2023 23/02/2023 Libro impreso